000 00443nam a2200169 a 4500
001 0000-8521
003 ELIB.Books
008 110520 1990
035 _a(ELIB.Books)0000-8666
082 _a230.095
_bGut
100 _aGutierrez, Gustavo
245 _aThe Truth shall Make You Free
260 _bNew York: Orbis Books
_c1990
650 _aTheology
942 _2ddc
_cBK
998 _cbat
_e2011-05-20
_mcat
_u2019-05-22
999 _c8521
_d8521